Library and information services in India / (Record no. 136031)

MARC details
000 -LEADER
fixed length control field 00948nam a22002657a 4500
003 - CONTROL NUMBER IDENTIFIER
control field dpl
005 - DATE AND TIME OF LATEST TRANSACTION
control field 20180823131119.0
008 - FIXED-LENGTH DATA ELEMENTS--GENERAL INFORMATION
fixed length control field 180823b xxu||||| |||| 00| 0 eng d
010 ## - LIBRARY OF CONGRESS CONTROL NUMBER
LC control number B-045106
020 ## - INTERNATIONAL STANDARD BOOK NUMBER
Terms of availability 250.00
International Standard Book Number 8175251751
035 ## - SYSTEM CONTROL NUMBER
System control number B-045106, B-045111
037 ## - SOURCE OF ACQUISITION
Source of stock number/acquisition Cen Lib/Ret
040 ## - CATALOGING SOURCE
Original cataloging agency DPL
Language of cataloging EN
Transcribing agency 0
082 ## - DEWEY DECIMAL CLASSIFICATION NUMBER
Classification number 025.527
Item number LIB
245 ## - TITLE STATEMENT
Title Library and information services in India /
Statement of responsibility, etc edited by Prabir Roychoudhury [and] Nirmalendu Mukhopadhyay
246 ## - VARYING FORM OF TITLE
Remainder of title
260 ## - PUBLICATION, DISTRIBUTION, ETC. (IMPRINT)
Place of publication, distribution, etc Calcutta
Name of publisher, distributor, etc Indian Association of Special Libraries and Information Centres
Date of publication, distribution, etc 2000
270 ## - ADDRESS
City Calcutta
Address P291, scheme 6M, kankugrachi
Postal code 700054
300 ## - PHYSICAL DESCRIPTION
Extent 336p.
Dimensions 121cm(Hb)
650 ## - SUBJECT ADDED ENTRY--TOPICAL TERM
Topical term or geographic name as entry element Library and information services -- India
9 (RLIN) 100683
650 ## - SUBJECT ADDED ENTRY--TOPICAL TERM
Topical term or geographic name as entry element Information services -- India
9 (RLIN) 100684
700 ## - ADDED ENTRY--PERSONAL NAME
Personal name Roychoudhury, Prabir
9 (RLIN) 100685
700 ## - ADDED ENTRY--PERSONAL NAME
Personal name Mukhopadhyay, Nirmalendu
9 (RLIN) 100686
942 ## - ADDED ENTRY ELEMENTS (KOHA)
Source of classification or shelving scheme Dewey Decimal Classification
Koha item type English Books
Classification part 025.527
Call number suffix DAV
Holdings
Withdrawn status Lost status Damaged status Not for loan Home library Current library Date acquired Source of acquisition Cost, normal purchase price Total Checkouts Full call number Barcode Date last seen Date checked out Copy number Cost, replacement price Price effective from Koha item type Source of classification or shelving scheme Collection code
        Central Library Central Library 13/10/2015 Cen Lib/Ret 250.00 1 025.527 LIB B-045106 23/11/2021 15/11/2021 1 250.00 15/09/2016 English Books    
        Shahdara Branch Shahdara Branch 23/08/2018 BPPD/PUB 250.00   025.527 DAV B-045111 23/08/2018     250.00 23/08/2018 English Books Dewey Decimal Classification Non-fiction

© Delhi Public Library
Hit Counter
free hit counter